Política y las metas del empleo: preliminar
Estudia el nivel y la disponibilidad de empleo, la población economicamente activa, el desempleo abierto, subempleo y políticas estatales en este campo en Guatemala./ALLV
সংরক্ষণ করুন:
| সংস্থা লেখক: | |
|---|---|
| বিন্যাস: | পাঠ্য |
| প্রকাশিত: |
Guatemala:
Consejo Nacional de Planificación Económica
|
| বিষয়গুলি: | |
| ট্যাগগুলো: |
ট্যাগ যুক্ত করুন
কোনো ট্যাগ নেই, প্রথমজন হিসাবে ট্যাগ করুন!
|
MARC
| LEADER | 00000 a a2200000 04500 | ||
|---|---|---|---|
| 001 | 19715 | ||
| 003 | |||
| 040 | |||
| 090 | |a 079100 | ||
| 110 | |a Guatemala. Consejo Nacional de Planificación Económica. Secretaría General Sección de Recursos Humanos. Programa de Estudios de Población. Unidad de Planificación del Empleo. | ||
| 245 | |a Política y las metas del empleo: preliminar | ||
| 260 | |a Guatemala: |b Consejo Nacional de Planificación Económica | ||
| 300 | |a 164 p. | ||
| 520 | |a Estudia el nivel y la disponibilidad de empleo, la población economicamente activa, el desempleo abierto, subempleo y políticas estatales en este campo en Guatemala./ALLV | ||
| 650 | |a PLANES NACIONALES | ||
| 650 | |a EMPLEO | ||
| 650 | |a DESEMPLEO | ||
| 650 | |a SUBEMPLEO | ||
| 650 | |a MANO DE OBRA | ||
| 650 | |a POLITICA DE EMPLEO | ||
| 999 | |c 15491 |d 15491 | ||
